Rimas

Spremljeno u:
Bibliografski detalji
Glavni autor: Bécquer, Gustavo Adolfo
Format: Knjiga
Jezik:Undetermined
Izdano: Buenos Aires, Argentina Editorial Kapelusz 1969
Izdanje:7
Teme:
Oznake: Dodaj oznaku
Bez oznaka, Budi prvi tko označuje ovaj zapis!

MARC

LEADER 00000nam a2200000Ia 4500
008 170316s9999 xx 000 0 und d
040 |a cru BVZT 
090 |a 862 B-7r 
100 |a Bécquer, Gustavo Adolfo 
245 |a Rimas 
250 |a 7 
260 |a Buenos Aires, Argentina 
260 |b Editorial Kapelusz 
260 |c 1969 
300 |a 155 páginas 
650 |a LITERATURA ESPAÑOLA 
650 |a RIMAS 
999 |c 9586  |d 9586 
942 |c 15 D  |h 862 B-7r  |2 z